Estructura tradicional y prefabricada en hormigón / (Record no. 117959)

MARC details
000 -LEADER
campo de control de longitud fija 00821nam a2200217 i 4500
001 - NÚMERO DE CONTROL
campo de control 117959
003 - IDENTIFICADOR DE NÚMERO DE CONTROL
campo de control ES-MaACL
005 - FECHA Y HORA DE LA ÚLTIMA TRANSACCIÓN
campo de control 20250902221429.0
007 - CAMPO FIJO DE DESCRIPCIÓN FÍSICA--INFORMACIÓN GENERAL
campo de control de longitud fija t|
008 - DATOS DE LONGITUD FIJA--INFORMACIÓN GENERAL
campo de control de longitud fija 070214s1980 sp r ||||1| spa d
100 1# - ENTRADA PRINCIPAL--NOMBRE DE PERSONA
Nombre de persona Pereswiet-Soltan, Stanislaw.
9 (RLIN) 90532
245 10 - MENCIÓN DEL TÍTULO
Título Estructura tradicional y prefabricada en hormigón /
Mención de responsabilidad, etc. Stanislaw Pereswiet-Soltan ; con la colaboración de Giulio Luigi Fausti [et. al.] ; versión de Julián Salas.
260 ## - PUBLICACIÓN, DISTRIBUCIÓN, ETC.
Lugar de publicación, distribución, etc. Madrid :
Nombre del editor, distribuidor, etc. H. Blume,
Fecha de publicación, distribución, etc. 1980.
300 ## - DESCRIPCIÓN FÍSICA
Extensión XI, 280 p. :
Otras características físicas il. ;
Dimensiones 29 cm.
650 #7 - PUNTO DE ACCESO ADICIONAL DE MATERIA--TÉRMINO DE MATERIA
Término de materia o nombre geográfico como elemento de entrada Estructuras de hormigón armado
Fuente del encabezamiento o término embne
9 (RLIN) 164177
650 #7 - PUNTO DE ACCESO ADICIONAL DE MATERIA--TÉRMINO DE MATERIA
Término de materia o nombre geográfico como elemento de entrada Estructuras de hormigón prefabricado
Fuente del encabezamiento o término embne
9 (RLIN) 164175
700 1# - ENTRADA AGREGADA--NOMBRE PERSONAL
Nombre de persona Fausti, Giulio Luigi.
9 (RLIN) 48981
700 1# - ENTRADA AGREGADA--NOMBRE PERSONAL
Nombre de persona Salas, Julián.
9 (RLIN) 101737
852 ## - LOCALIZACIÓN
Ubicación ES-MaACL
Número de control de estantería L-861
Sublocalización o colección R.101870
Holdings
Estatus retirado Estado de pérdida Estado de daño No para préstamo Biblioteca de origen Biblioteca actual Ubicación en estantería Fecha de adquisición Fuente de adquisición Total de préstamos Signatura topográfica completa Código de barras Visto por última vez Precio de reemplazo Tipo de ítem Koha
        Biblioteca del Ateneo de Madrid Biblioteca del Ateneo de Madrid Depósito 2 17/01/2008     L-861 1122974 23/02/2023 23/02/2023 Libro impreso